Books for the developing countries : (Record no. 12059)
[ view plain ]
| 000 -LEADER | |
|---|---|
| fixed length control field | 01195cam a2200301 a 4500 |
| 001 - CONTROL NUMBER | |
| control field | 12059 |
| 003 - CONTROL NUMBER IDENTIFIER | |
| rucl marc code | BD-RjUL |
| 005 - DATE AND TIME OF LATEST TRANSACTION | |
| control field | 20211208235228.0 |
| 008 - FIXED-LENGTH DATA ELEMENTS--GENERAL INFORMATION | |
| fixed length control field | 741029s1965 fr b 000 0 eng |
| 035 ## - SYSTEM CONTROL NUMBER | |
| System control number | (BD-RjUL)12108 |
| 040 ## - CATALOGING SOURCE | |
| Original cataloging agency | DLC |
| Transcribing agency | SYB |
| Modifying agency | OCL |
| -- | BD-RjUL |
| Language of cataloging | eng |
| 041 ## - LANGUAGE CODE | |
| Language code of text/sound track or separate title | eng |
| 082 04 - DEWEY DECIMAL CLASSIFICATION NUMBER | |
| Classification number | 338.470705 |
| Edition number | 23 |
| Author mark and year | UNB 1965 |
| 110 1# - MAIN ENTRY--CORPORATE NAME | |
| Corporate name or jurisdiction name as entry element | Unesco |
| 9 (RLIN) | 221863 |
| 245 00 - TITLE STATEMENT | |
| Title | Books for the developing countries : |
| Remainder of title | Asia, Africa / |
| Statement of responsibility, etc. | Unesco |
| 260 ## - PUBLICATION, DISTRIBUTION, ETC. (IMPRINT) | |
| Place of publication, distribution, etc. | Paris : |
| Name of publisher, distributor, etc. | Unesco, |
| Date of publication, distribution, etc. | 1965. |
| 300 ## - PHYSICAL DESCRIPTION | |
| Pagination | 31 p. ; |
| Size | 27 cm. |
| 490 ## - SERIES STATEMENT | |
| Series statement | Reports and papers on mass communication ; |
| Volume/sequential designation | no. 47. |
| 500 ## - GENERAL NOTE | |
| General note | Corrigendum slip inserted. |
| 504 ## - BIBLIOGRAPHY, ETC. NOTE | |
| Bibliography, etc | Includes bibliographical references. |
| 505 0# - FORMATTED CONTENTS NOTE | |
| Formatted contents note | The production and flow of books in South East Asia / by Om Prakash--The production and flow of books in Africa / by Clifford M. Fyle. |
| 650 #0 - SUBJECT ADDED ENTRY--TOPICAL TERM | |
| Topical term or geographic name as entry element | Book industries and trade |
| Geographic subdivision | Africa. |
| 9 (RLIN) | 221858 |
| Topical term or geographic name as entry element | Book industries and trade |
| Geographic subdivision | Asia. |
| 9 (RLIN) | 221859 |
| 700 1# - ADDED ENTRY--PERSONAL NAME | |
| Personal name | Prakash, Omar. |
| Personal name | Fyle, Clifford M. |
| 830 #0 - SERIES ADDED ENTRY--UNIFORM TITLE | |
| Uniform title | Reports and papers on mass communication ; |
| Volume number/sequential designation | no. 47. |
| 942 ## - ADDED ENTRY ELEMENTS (KOHA) | |
| Source of classification or shelving scheme | Dewey Decimal Classification |
| Koha item type | Rare Books |
| Lost status | Source of classification or shelving scheme | Damaged status | Not for loan | Collection code | Permanent Location | Current Location | Shelving location | Date acquired | Total Checkouts | Full call number | Date last seen | Copy number | Koha item type |
|---|---|---|---|---|---|---|---|---|---|---|---|---|---|
| Dewey Decimal Classification | Not For Loan | Rare Books | Central Library, University of Rajshahi | Central Library, University of Rajshahi | Rare Book Section | 22/07/2018 | RA 338.470705 UNB 1965 | 22/07/2018 | C-1 | Rare Books |